Desarrollo, integracion y derecho de trabajo (Registro nro. 1270)

Detalles MARC
000 -LEADER
fixed length control field 01682 a2200193 4500
001 - CONTROL NUMBER
control field 25025
005 - DATE AND TIME OF LATEST TRANSACTION
control field 20260407155533.0
008 - FIXED-LENGTH DATA ELEMENTS--GENERAL INFORMATION
fixed length control field 260407a1972 arg spa d
003 - CONTROL NUMBER IDENTIFIER
control field AR-UNSa-BCEJYS
040 ## - CATALOGING SOURCE
Original cataloging agency AR-UNSa-BCEJYS
Language of cataloging spa
Transcribing agency AR-UNSa-BCEJYS
080 ## - UNIVERSAL DECIMAL CLASSIFICATION NUMBER
Universal Decimal Classification number 349.2
Common auxiliary subdivision Derecho del Trabajo
100 1# - MAIN ENTRY--PERSONAL NAME
Personal name Nápoli, Rodolfo A.
245 10 - TITLE STATEMENT
Title Desarrollo, integracion y derecho de trabajo
Name of part/section of a work estudio esquemático para américa latina
264 #1 - PRODUCTION, PUBLICATION, DISTRIBUTION, MANUFACTURE, AND COPYRIGHT NOTICE
Place of production, publication, distribution, manufacture Buenos Aires :
Name of producer, publisher, distributor, manufacturer Astrea
Date of production, publication, distribution, manufacture, or copyright notice 1972
300 ## - PHYSICAL DESCRIPTION
Extent 318 p.
Dimensions 24 cm.
505 ## - FORMATTED CONTENTS NOTE
Formatted contents note 1. Nociones preliminares – 2. La empresa como unidad básica del desarrollo económico – 3. La función del Estado en el desarrollo económico y social – 4. La sociedad tradicional de Latinoamérica – 5. Hacia el derecho de la integración – 6. Los problemas sociales más importantes de la integración – 7. La OIT y los problemas sociales – 8. La asociación latinoamericana de libre comercio (ALALC) – 9. El programa andino y el acuerdo de integración subregional andino – 10. El mercado común centroamericano – 11. La comisión especial de coordinación latinoamericana (CECLA) – 12. La carta de la OEA y el plan de acción de Caraballeda – 13. Las comunidades económicas europeas – 14. La República Argentina y los países limítrofes – 15. El desarrollo económico argentino – 16. Sistema nacional de planeamiento y acción para el desarrollo – 17. Políticas nacionales – 18. Desarrollo y defensa nacional – 19. El fondo de ahorro para la participación en el desarrollo económico – 20. Derecho laboral, sindical y previsional de la República Argentina -
590 ## - LOCAL NOTE (RLIN)
Local note niveau_biblio:m niveau_hierar:0
942 ## - ADDED ENTRY ELEMENTS (KOHA)
Koha item type
Existencias
Withdrawn status Lost status Damaged status Not for loan Home library Current library Shelving location Date acquired Total checkouts Full call number Barcode Date last seen Price effective from Koha item type
        Biblioteca Prof. Eusebio Cleto del Rey Biblioteca Prof. Eusebio Cleto del Rey   07/04/2026   349.2 N216 L25543 07/04/2026 07/04/2026 Libro
        Biblioteca Prof. Eusebio Cleto del Rey Biblioteca Prof. Eusebio Cleto del Rey   07/04/2026   349.2 N216 L25542 07/04/2026 07/04/2026 Libro
        Biblioteca Prof. Eusebio Cleto del Rey Biblioteca Prof. Eusebio Cleto del Rey   07/04/2026   349.2 N216 L25541 07/04/2026 07/04/2026 Libro
        Biblioteca Prof. Eusebio Cleto del Rey Biblioteca Prof. Eusebio Cleto del Rey   07/04/2026   349.2 N216 L25540 07/04/2026 07/04/2026 Libro